Statistics for Heart Attack - One Direction - All Lyrics

Click here to take the quiz!

General Stats

  • This quiz has been taken 49 times
  • The average score is 323 of 346

Answer Stats

Answer% Correct
a
100%
And
100%
and
100%
attack)
100%
attack
100%
giving
100%
heart
100%
I
100%
me,
100%
me
100%
(Ow!
100%
(Ow!)
100%
you,
100%
You,
100%
you
100%
your
100%
You're
100%
you're
100%
all
98%
c'mon
98%
(C'mon)
98%
do,
98%
(Huh)
98%
I'm
98%
I'm,
98%
oh
98%
Oh-oh,
98%
ooh,
98%
ooh
98%
so
98%
bad)
95%
bad,
95%
be
95%
Can’t
95%
can't
95%
don't
95%
(Ever
95%
ever
95%
it
95%
like,
95%
like
95%
outta
95%
the
95%
to
95%
wanted),
95%
wanted,
95%
wanted
95%
Baby,
93%
'Cause
93%
did
93%
Gettin'
93%
gettin'
93%
in
93%
just
93%
know
93%
look
93%
looking
93%
Never
93%
one
93%
out,
93%
over
93%
But
91%
hurt
91%
my
91%
that
91%
that,
91%
thought
91%
what
91%
alright
88%
figure
88%
got
88%
Got
88%
head
88%
him
88%
now
88%
now,
88%
see
88%
with
88%
(Yeah),
88%
Yeah,
88%
Yeah!
88%
yeah
88%
believe
86%
feel
86%
friends”
86%
mouth,
86%
okay,
86%
right
86%
seeing
86%
tryna
86%
voice
86%
words
86%
would
86%
break
84%
gone,
84%
"Let's
84%
Need
84%
saying,
84%
sick,
84%
take
84%
love
81%
came
79%
is
79%
it'd
79%
about,
77%
every
77%
It’s
77%
stand
77%
songs
74%
thinkin'
74%
Missing
72%
too
72%
dumb
70%
off
70%
time
70%
How
67%
up,
67%
telling
63%
better
60%
blind
60%
Everyone's
60%
messed
60%

Score Distribution

Percentile by Number Answered

Percent of People with Each Score

Your Score History

You have not taken this quiz